SPSS survival manual : (Record no. 2245)
[ view plain ]
| 000 -LEADER | |
|---|---|
| fixed length control field | 00784 a2200181 4500 |
| 020 ## - INTERNATIONAL STANDARD BOOK NUMBER | |
| International Standard Book Number | 0335216404 |
| 020 ## - INTERNATIONAL STANDARD BOOK NUMBER | |
| International Standard Book Number | 9780335216406 |
| 082 ## - DEWEY DECIMAL CLASSIFICATION NUMBER | |
| Classification number | 005.36 PAL |
| 100 ## - MAIN ENTRY--PERSONAL NAME | |
| Personal name | Pallant, Julie. |
| 245 ## - TITLE STATEMENT | |
| Title | SPSS survival manual : |
| Remainder of title | a step by step guide to data analysis using SPSS for Windows (version 12) / |
| Statement of responsibility, etc. | Julie Pallant. |
| 250 ## - EDITION STATEMENT | |
| Edition statement | 3rd ed. |
| 260 ## - PUBLICATION, DISTRIBUTION, ETC. | |
| Place of publication, distribution, etc. | Maidenhead, Berkshire. U.K. ; |
| -- | New York, NY : |
| Name of publisher, distributor, etc. | Open University Press, |
| Date of publication, distribution, etc. | 2007. |
| 300 ## - PHYSICAL DESCRIPTION | |
| Extent | xvi, 318 p. : |
| Other physical details | ill. ; |
| Dimensions | 26 cm. |
| 650 ## - SUBJECT ADDED ENTRY--TOPICAL TERM | |
| Topical term or geographic name entry element | Social sciences |
| General subdivision | Research |
| -- | Statistical methods. |
| 650 ## - SUBJECT ADDED ENTRY--TOPICAL TERM | |
| Topical term or geographic name entry element | Social sciences |
| General subdivision | Statistical methods |
| -- | Computer programs. |
| 650 ## - SUBJECT ADDED ENTRY--TOPICAL TERM | |
| Topical term or geographic name entry element | Sciences sociales |
| General subdivision | Recherche |
| -- | Méthodes statistiques |
| 650 ## - SUBJECT ADDED ENTRY--TOPICAL TERM | |
| Topical term or geographic name entry element | Sciences sociales |
| General subdivision | Méthodes statistiques |
| -- | Logiciels |
| 650 ## - SUBJECT ADDED ENTRY--TOPICAL TERM | |
| Topical term or geographic name entry element | Sciences sociales |
| General subdivision | Méthodes statistiques |
| -- | Informatique |
| Withdrawn status | Lost status | Damaged status | Not for loan | Permanent Location | Current Location | Shelving location | Date acquired | Total Checkouts | Full call number | Barcode | Date last seen | Date last checked out | Price effective from | Koha item type |
|---|---|---|---|---|---|---|---|---|---|---|---|---|---|---|
| School of Civil and Environmental Engineering (SCEE) | School of Civil and Environmental Engineering (SCEE) | 1 | 005.36 PAL | NIT-7016 | 01/13/2020 | 08/26/2019 | 01/05/2017 | Book |
